Japanese landscape prints (Record no. 8952)
[ view plain ]
| 000 -CABECERA | |
|---|---|
| campo de control de longitud fija | 00663nam a2200217 a 4500 |
| 001 - NÚMERO DE CONTROL | |
| campo de control | BRL_139 |
| 005 - FECHA Y HORA DE LA ÚLTIMA TRANSACCIÓN | |
| campo de control | 20190320210615.0 |
| 008 - DATOS DE LONGITUD FIJA--INFORMACIÓN GENERAL | |
| campo de control de longitud fija | 181012s19uu----enkf######---#000-0#spa-# |
| 041 ## - CÓDIGO DE LENGUA | |
| Código de lengua del texto/banda sonora o título independiente | eng |
| 044 ## - CÓDIGO DEL PAÍS DE LA ENTIDAD EDITORA/PRODUCTORA | |
| Código MARC del país | enk |
| 050 #4 - SIGNATURA TOPOGRÁFICA DE LA BIBLIOTECA DEL CONGRESO | |
| Número de clasificación | NE1321 |
| Número de documento/Ítem | .J37 1900 |
| 245 10 - MENCIÓN DE TÍTULO | |
| Título | Japanese landscape prints |
| Resto del título | of the ninteenth century |
| Mención de responsabilidad, etc. | introduction and notes by B. W. Robinson. |
| 260 ## - PUBLICACIÓN, DISTRIBUCIÓN, ETC. | |
| Lugar de publicación, distribución, etc. | London |
| Nombre del editor, distribuidor, etc. | Faber and Faber |
| Fecha de publicación, distribución, etc. | [19--] |
| 300 ## - DESCRIPCIÓN FÍSICA | |
| Extensión | 1957 |
| Otras características físicas | il., 10 láminas |
| Dimensiones | 31 cm. |
| 440 #0 - MENCIÓN DE SERIE/PUNTO DE ACCESO ADICIONAL--TÍTULO | |
| Título | The Faber gallery of oriental art |
| Designación de volumen o secuencia | 10 |
| 9 (RLIN) | 23018 |
| 500 ## - NOTA GENERAL | |
| Nota general | Au169 |
| 650 14 - PUNTO DE ACCESO ADICIONAL DE MATERIA--TÉRMINO DE MATERIA | |
| Término de materia o nombre geográfico como elemento de entrada | Grabados japoneses |
| Subdivisión general | Paisajes |
| Subdivisión cronológica | Siglo XIX |
| 9 (RLIN) | 23019 |
| 700 1# - PUNTO DE ACCESO ADICIONAL--NOMBRE DE PERSONA | |
| Nombre de persona | Robinson, B. W. |
| 9 (RLIN) | 23020 |
| 902 ## - CATALOGADOR | |
| Iniciales | GRL |
| 942 ## - ELEMENTOS DE PUNTO DE ACCESO ADICIONAL (KOHA) | |
| Fuente del sistema de clasificación o colocación | Library of Congress Classification |
| Tipo de ítem Koha | Libros |
| Estado de retiro | Estado de pérdida | Estado dañado | No para préstamo | Localización permanente | Ubicación/localización actual | Fecha de adquisición | Número de inventario | Total de préstamos | Signatura topográfica completa | Código de barras | Fecha visto por última vez | Precio válido a partir de | Tipo de ítem Koha |
|---|---|---|---|---|---|---|---|---|---|---|---|---|---|
| El ejemplar forma parte de la colección y puede ser consultado según las políticas vigentes. | Biblioteca Centro de Estudios Ruth D. Lechuga | Biblioteca Centro de Estudios Ruth D. Lechuga | 18/10/2012 | Au169 | NE1321 .J37 1900 (Au169) | GRL00152 | 22/03/2019 | 22/03/2019 | Libros |